| Tag |
First Indicator |
Second Indicator |
Subfields |
| LEADER |
00000cam a2200000 4500 |
| 001 |
in00000029410 |
| 005 |
20151007061514.0 |
| 008 |
770622s1924 nyu 00010 eng |
| 010 |
|
|
|a 24029873
|
| 035 |
|
|
|a (OCoLC)03059509
|
| 035 |
|
|
|9 AAD2279AM
|
| 040 |
|
|
|a DLC
|c OUN
|d TXA
|d UtOrBLW
|
| 049 |
|
|
|a TXAM
|c [58421]
|
| 050 |
0 |
0 |
|a PE1408
|b .C534 1924
|
| 092 |
|
|
|a 808
|b C641w, Rev.ed.
|
| 100 |
1 |
|
|a Clippinger, Erle Elsworth,
|d 1875-
|
| 245 |
1 |
0 |
|a Written and spoken English ;
|b a course in composition and rhetoric /
|c by Erle Elsworth Clippinger.
|
| 250 |
|
|
|a Rev. ed.
|
| 264 |
|
1 |
|a New York,
|a Newark [etc.] :
|b Silver, Burdett and company,
|c [1924]
|
| 264 |
|
4 |
|c [©1924]
|
| 300 |
|
|
|a xlvi, 3-564 pages ;
|c 19 cm.
|
| 336 |
|
|
|a text
|b txt
|2 rdacontent
|
| 337 |
|
|
|a unmediated
|b n
|2 rdamedia
|
| 338 |
|
|
|a volume
|b nc
|2 rdacarrier
|
| 650 |
|
0 |
|a English language
|x Rhetoric.
|
| 999 |
|
|
|a MARS
|
| 999 |
f |
f |
|s 803fae0b-1beb-36fc-8bd8-ac4999411ccd
|i a7de1253-6792-3938-ab0b-c770c253dca3
|t 0
|
| 952 |
f |
f |
|p ric
|a Texas A&M University
|b Rellis Campus
|c Joint Library Facility
|d Remote Storage
|t 0
|e PE1408 .C534 1924
|h Library of Congress classification
|i unmediated -- volume
|m A14801193405
|
| 998 |
f |
f |
|a PE1408 .C534 1924
|t 0
|l Remote Storage
|